000 00438nam a2200181Ia 4500
001 8890
005 20260306160643.0
008 260306t2008||||xx |||||||||||||| ||spa||
041 _aESP
082 _a371.9
_bE82
100 _aEslava-Cobos, Jorge
_eAUT
245 0 _aLos trastornos del aprendizaje:
_bperspectivas neuropsicológicas
260 _c2008
300 _a
_c
650 _aGEN
654 _aCED
942 _cLIB
_dJUS
_fJUS
_2ddc
_n
999 _c8890
_d8890